[Event "DEM U16 2022"]
[Site "Willingen GER"]
[Date "2022.06.09"]
[Round "7"]
[White "Laux, Dominik"]
[Black "Lutsko, Artem"]
[Result "1/2-1/2"]
[Termination "normal"]
[Board "1"]
[WhiteElo "2263"]
[BlackElo "2392"]
[WhiteClock "00:09:41"]
[BlackClock "00:21:49"]
[PlyCount "71"]
[WhiteFideId "12994219"]
[BlackFideId "14188767"]
[EventCountry "GER"]
[EventRounds "9"]
[EventType "swiss"]
[EventDate "2022.06.04"]

1. e4 {[%clk 1:30:34]} c5 {[%clk 1:30:57]} 2. Nf3 {[%clk 1:30:28]} d6 {[%clk
1:31:23]} 3. d4 {[%clk 1:30:33]} cxd4 {[%clk 1:31:50]} 4. Nxd4 {[%clk 1:30:56]}
Nf6 {[%clk 1:32:17]} 5. Nc3 {[%clk 1:31:02]} a6 {[%clk 1:32:43]} 6. Be3 {[%clk
1:30:29]} e5 {[%clk 1:33:08]} 7. Nb3 {[%clk 1:30:55]} Be7 {[%clk 1:33:34]} 8.
f3 {[%clk 1:30:57]} Be6 {[%clk 1:34:01]} 9. Qd2 {[%clk 1:30:42]} h5 {[%clk
1:34:27]} 10. Nd5 {[%clk 1:30:06]} Nxd5 {[%clk 1:34:45]} 11. exd5 {[%clk
1:30:30]} Bf5 {[%clk 1:35:11]} 12. Be2 {[%clk 1:30:30]} a5 {[%clk 1:35:21]} 13.
Bb5+ {[%clk 1:29:54]} Bd7 {[%clk 1:35:05]} 14. a4 {[%clk 1:29:45]} O-O {[%clk
1:35:31]} 15. O-O {[%clk 1:28:26]} Bxb5 {[%clk 1:35:52]} 16. axb5 {[%clk
1:28:47]} a4 {[%clk 1:35:44]} 17. Qb4 {[%clk 1:27:07]} Nd7 {[%clk 1:36:11]} 18.
Rxa4 {[%clk 1:26:51]} Rxa4 {[%clk 1:36:37]} 19. Qxa4 {[%clk 1:27:16]} Bg5
{[%clk 1:37:04]} 20. Bxg5 {[%clk 1:14:02]} Qxg5 {[%clk 1:37:30]} 21. Qa7 {[%clk
1:02:36]} Nf6 {[%clk 1:34:02]} 22. Qxb7 {[%clk 0:53:05]} Qe3+ {[%clk 1:32:34]}
23. Rf2 {[%clk 0:51:33]} e4 {[%clk 1:11:44]} 24. Qc6 {[%clk 0:41:16]} Rb8
{[%clk 0:33:24]} 25. Kf1 {[%clk 0:29:19]} exf3 {[%clk 0:31:31]} 26. gxf3 {[%clk
0:28:50]} Re8 {[%clk 0:28:35]} 27. Qc3 {[%clk 0:19:27]} Qb6 {[%clk 0:21:26]}
28. Re2 {[%clk 0:15:18]} Qxb5 {[%clk 0:20:56]} 29. Nd4 {[%clk 0:15:43]} Qa6
{[%clk 0:20:50]} 30. Qc6 {[%clk 0:14:29]} Qa1+ {[%clk 0:21:05]} 31. Kf2 {[%clk
0:13:18]} Rxe2+ {[%clk 0:20:37]} 32. Kxe2 {[%clk 0:11:23]} Qxb2 {[%clk
0:21:04]} 33. Qc8+ {[%clk 0:09:10]} Kh7 {[%clk 0:21:30]} 34. Qf5+ {[%clk
0:09:35]} Kg8 {[%clk 0:21:23]} 35. Qc8+ {[%clk 0:09:47]} Kh7 {[%clk 0:21:49]}
36. Qf5+ {[%clk 0:09:41]} 1/2-1/2

[Event "DEM U16 2022"]
[Site "Willingen GER"]
[Date "2022.06.09"]
[Round "7"]
[White "Foerster-Yialamas, Lucas"]
[Black "Bakiev, Diyor"]
[Result "1/2-1/2"]
[Termination "normal"]
[Board "2"]
[WhiteTitle "CM"]
[WhiteElo "2117"]
[BlackElo "2236"]
[WhiteClock "00:17:17"]
[BlackClock "00:17:02"]
[PlyCount "87"]
[WhiteFideId "30901774"]
[BlackFideId "16241584"]
[EventCountry "GER"]
[EventRounds "9"]
[EventType "swiss"]
[EventDate "2022.06.04"]

1. e4 {[%clk 1:30:53]} c6 {[%clk 1:30:56]} 2. d4 {[%clk 1:31:20]} d5 {[%clk
1:31:17]} 3. e5 {[%clk 1:31:38]} Bf5 {[%clk 1:31:38]} 4. h4 {[%clk 1:32:05]} h5
{[%clk 1:32:02]} 5. Bd3 {[%clk 1:32:32]} Bxd3 {[%clk 1:32:26]} 6. Qxd3 {[%clk
1:32:51]} Qa5+ {[%clk 1:32:37]} 7. Nd2 {[%clk 1:33:16]} e6 {[%clk 1:32:57]} 8.
Ngf3 {[%clk 1:33:42]} Nh6 {[%clk 1:33:15]} 9. O-O {[%clk 1:34:08]} Nf5 {[%clk
1:33:40]} 10. Nb3 {[%clk 1:34:35]} Qa6 {[%clk 1:34:06]} 11. Qd1 {[%clk
1:34:59]} b6 {[%clk 1:33:54]} 12. Bg5 {[%clk 1:34:54]} c5 {[%clk 1:28:52]} 13.
c3 {[%clk 1:35:13]} Nc6 {[%clk 1:24:15]} 14. Be3 {[%clk 1:25:20]} cxd4 {[%clk
1:06:14]} 15. Nbxd4 {[%clk 1:24:11]} Ncxd4 {[%clk 1:00:21]} 16. Bxd4 {[%clk
1:21:25]} Be7 {[%clk 0:58:21]} 17. g3 {[%clk 1:20:54]} Rc8 {[%clk 0:52:58]} 18.
a4 {[%clk 1:13:06]} O-O {[%clk 0:38:20]} 19. Qd2 {[%clk 1:10:00]} Qc4 {[%clk
0:35:24]} 20. a5 {[%clk 1:07:52]} Nxd4 {[%clk 0:33:01]} 21. Nxd4 {[%clk
1:06:16]} bxa5 {[%clk 0:22:05]} 22. Rxa5 {[%clk 1:03:39]} Qc7 {[%clk 0:22:10]}
23. Ra6 {[%clk 1:00:43]} Qxe5 {[%clk 0:19:59]} 24. Rxa7 {[%clk 0:49:41]} Bc5
{[%clk 0:19:31]} 25. Ra4 {[%clk 0:48:13]} Qf6 {[%clk 0:17:45]} 26. Qd3 {[%clk
0:44:23]} Bb6 {[%clk 0:15:43]} 27. Ne2 {[%clk 0:34:19]} Rcd8 {[%clk 0:12:31]}
28. Nf4 {[%clk 0:29:00]} g6 {[%clk 0:12:12]} 29. Ra6 {[%clk 0:29:02]} Rd6
{[%clk 0:10:42]} 30. Kg2 {[%clk 0:15:52]} Rfd8 {[%clk 0:09:57]} 31. Qb5 {[%clk
0:12:19]} Bc7 {[%clk 0:05:28]} 32. Ra7 {[%clk 0:11:02]} R6d7 {[%clk 0:05:10]}
33. Rfa1 {[%clk 0:07:18]} Qe7 {[%clk 0:05:00]} 34. Nd3 {[%clk 0:07:11]} Bd6
{[%clk 0:04:45]} 35. Ra8 {[%clk 0:06:11]} Kh7 {[%clk 0:04:10]} 36. b4 {[%clk
0:04:39]} Rc7 {[%clk 0:02:37]} 37. Qb6 {[%clk 0:04:04]} e5 {[%clk 0:01:40]} 38.
Rxd8 {[%clk 0:03:15]} Qxd8 {[%clk 0:02:06]} 39. Ra6 {[%clk 0:03:17]} Rd7 {[%clk
0:01:23]} 40. Qc6 {[%clk 0:02:09]} Qe7 {[%clk 0:00:38]} 41. Qxd5 {[%clk
0:25:44]} Bxb4 {[%clk 0:19:26]} 42. Qc4 {[%clk 0:25:37]} Bd6 {[%clk 0:18:37]}
43. Nb4 {[%clk 0:17:28]} Bxb4 {[%clk 0:17:02]} 44. Qxb4 {[%clk 0:17:17]}
1/2-1/2

[Event "DEM U16 2022"]
[Site "Willingen GER"]
[Date "2022.06.09"]
[Round "7"]
[White "Petrovskyi, Vadym"]
[Black "Sidletskyi, Ivan"]
[Result "1/2-1/2"]
[Termination "normal"]
[Board "3"]
[WhiteElo "2330"]
[BlackElo "2084"]
[WhiteClock "00:10:29"]
[BlackClock "00:46:18"]
[PlyCount "65"]
[WhiteFideId "14165210"]
[BlackFideId "14156024"]
[EventCountry "GER"]
[EventRounds "9"]
[EventType "swiss"]
[EventDate "2022.06.04"]

1. e4 {[%clk 1:30:58]} e6 {[%clk 1:29:09]} 2. d4 {[%clk 1:27:38]} d5 {[%clk
1:29:18]} 3. Nc3 {[%clk 1:27:57]} Nf6 {[%clk 1:28:55]} 4. e5 {[%clk 1:27:33]}
Nfd7 {[%clk 1:29:15]} 5. f4 {[%clk 1:27:52]} c5 {[%clk 1:29:25]} 6. Nf3 {[%clk
1:28:18]} Nc6 {[%clk 1:29:37]} 7. Be3 {[%clk 1:28:44]} cxd4 {[%clk 1:28:57]} 8.
Nxd4 {[%clk 1:29:04]} Qb6 {[%clk 1:29:01]} 9. Qd2 {[%clk 1:07:27]} Qxb2 {[%clk
1:29:12]} 10. Rb1 {[%clk 1:07:47]} Qa3 {[%clk 1:29:35]} 11. Bb5 {[%clk
0:46:15]} Nxd4 {[%clk 1:25:39]} 12. Bxd4 {[%clk 0:45:12]} a6 {[%clk 1:25:17]}
13. Bxd7+ {[%clk 0:35:36]} Bxd7 {[%clk 1:25:38]} 14. Rxb7 {[%clk 0:33:37]} Bb4
{[%clk 1:24:56]} 15. O-O {[%clk 0:30:51]} Rc8 {[%clk 1:23:19]} 16. Nb1 {[%clk
0:29:35]} Bxd2 {[%clk 1:19:55]} 17. Nxa3 {[%clk 0:30:04]} Ke7 {[%clk 1:07:49]}
18. c4 {[%clk 0:15:01]} dxc4 {[%clk 1:05:22]} 19. Rd1 {[%clk 0:15:18]} c3
{[%clk 1:00:29]} 20. Bxc3 {[%clk 0:14:35]} Rxc3 {[%clk 0:58:46]} 21. Rxd2
{[%clk 0:15:04]} Rd8 {[%clk 0:58:55]} 22. Nc2 {[%clk 0:11:47]} Ke8 {[%clk
0:53:43]} 23. Ne1 {[%clk 0:10:23]} Rcc8 {[%clk 0:49:17]} 24. Nf3 {[%clk
0:08:40]} Bc6 {[%clk 0:47:51]} 25. Rxd8+ {[%clk 0:08:06]} Rxd8 {[%clk 0:48:04]}
26. Ra7 {[%clk 0:07:20]} Bxf3 {[%clk 0:44:29]} 27. gxf3 {[%clk 0:07:48]} Rd1+
{[%clk 0:44:48]} 28. Kf2 {[%clk 0:08:16]} Rd2+ {[%clk 0:45:08]} 29. Kg3 {[%clk
0:08:44]} Rxa2 {[%clk 0:45:24]} 30. Ra8+ {[%clk 0:09:11]} Ke7 {[%clk 0:45:35]}
31. Ra7+ {[%clk 0:09:37]} Ke8 {[%clk 0:45:54]} 32. Ra8+ {[%clk 0:10:03]} Ke7
{[%clk 0:46:18]} 33. Ra7+ {[%clk 0:10:29]} 1/2-1/2

[Event "DEM U16 2022"]
[Site "Willingen GER"]
[Date "2022.06.09"]
[Round "7"]
[White "Farokhi, Keyvan"]
[Black "Jaskulski, Jan"]
[Result "1/2-1/2"]
[Termination "normal"]
[Board "4"]
[WhiteElo "2360"]
[BlackElo "1727"]
[WhiteClock "00:09:13"]
[BlackClock "00:02:17"]
[PlyCount "120"]
[WhiteFideId "12998630"]
[BlackFideId "21877807"]
[EventCountry "GER"]
[EventRounds "9"]
[EventType "swiss"]
[EventDate "2022.06.04"]

1. d4 {[%clk 1:30:47]} d5 {[%clk 1:30:52]} 2. Nf3 {[%clk 1:30:53]} Nf6 {[%clk
1:31:15]} 3. c4 {[%clk 1:30:52]} c6 {[%clk 1:31:32]} 4. e3 {[%clk 1:30:31]} e6
{[%clk 1:31:42]} 5. Bd3 {[%clk 1:30:37]} Nbd7 {[%clk 1:31:57]} 6. Nbd2 {[%clk
1:30:10]} Bd6 {[%clk 1:31:46]} 7. O-O {[%clk 1:28:15]} O-O {[%clk 1:32:11]} 8.
e4 {[%clk 1:21:18]} e5 {[%clk 1:22:20]} 9. c5 {[%clk 1:15:07]} Bc7 {[%clk
1:18:32]} 10. exd5 {[%clk 1:15:20]} Nxd5 {[%clk 1:16:51]} 11. Nxe5 {[%clk
1:14:53]} Nxe5 {[%clk 0:55:30]} 12. dxe5 {[%clk 1:15:10]} Nf4 {[%clk 0:55:54]}
13. Be4 {[%clk 1:09:16]} Bxe5 {[%clk 0:52:34]} 14. Nc4 {[%clk 1:07:48]} Bc7
{[%clk 0:51:52]} 15. Nd6 {[%clk 1:03:34]} Nd5 {[%clk 0:37:03]} 16. Bxd5 {[%clk
0:54:52]} cxd5 {[%clk 0:35:59]} 17. Qxd5 {[%clk 0:55:06]} Be6 {[%clk 0:36:14]}
18. Qxb7 {[%clk 0:45:22]} Bxd6 {[%clk 0:36:33]} 19. cxd6 {[%clk 0:45:50]} Qxd6
{[%clk 0:36:56]} 20. Be3 {[%clk 0:44:25]} Bd5 {[%clk 0:31:39]} 21. Qb5 {[%clk
0:41:18]} Rfd8 {[%clk 0:23:17]} 22. Rfd1 {[%clk 0:34:38]} Qe6 {[%clk 0:15:07]}
23. Qd3 {[%clk 0:20:09]} Rd7 {[%clk 0:09:38]} 24. Rd2 {[%clk 0:08:30]} Rad8
{[%clk 0:08:11]} 25. Qf1 {[%clk 0:07:27]} h6 {[%clk 0:02:11]} 26. b3 {[%clk
0:07:17]} Bc6 {[%clk 0:01:35]} 27. Rxd7 {[%clk 0:04:37]} Rxd7 {[%clk 0:02:04]}
28. Re1 {[%clk 0:04:25]} Qd5 {[%clk 0:00:56]} 29. f3 {[%clk 0:04:41]} Qa5
{[%clk 0:00:46]} 30. Qf2 {[%clk 0:04:32]} a6 {[%clk 0:00:57]} 31. h4 {[%clk
0:03:50]} Rd3 {[%clk 0:01:05]} 32. Rc1 {[%clk 0:02:35]} Qd5 {[%clk 0:01:21]}
33. Bf4 {[%clk 0:01:25]} Bb7 {[%clk 0:00:41]} 34. Kh2 {[%clk 0:00:55]} Bc6
{[%clk 0:00:48]} 35. Qc5 {[%clk 0:00:45]} Qd8 {[%clk 0:00:36]} 36. Bg3 {[%clk
0:00:38]} Bb7 {[%clk 0:00:40]} 37. Qc7 {[%clk 0:00:42]} Qd5 {[%clk 0:00:54]}
38. Qb8+ {[%clk 0:00:40]} Kh7 {[%clk 0:01:13]} 39. Qe5 {[%clk 0:00:34]} Qxe5
{[%clk 0:01:00]} 40. Bxe5 {[%clk 0:01:02]} Rd2 {[%clk 0:01:21]} 41. Rc7 {[%clk
0:26:47]} Bxf3 {[%clk 0:05:16]} 42. Rxf7 {[%clk 0:26:32]} Rxg2+ {[%clk
0:05:43]} 43. Kh3 {[%clk 0:27:00]} Bd5 {[%clk 0:05:49]} 44. Ra7 {[%clk
0:25:52]} Rg6 {[%clk 0:05:46]} 45. h5 {[%clk 0:20:09]} Rg5 {[%clk 0:05:48]} 46.
Bf6 {[%clk 0:20:25]} Be6+ {[%clk 0:03:53]} 47. Kh2 {[%clk 0:20:32]} Rxh5+
{[%clk 0:04:09]} 48. Kg3 {[%clk 0:20:18]} Kg6 {[%clk 0:04:25]} 49. Bd8 {[%clk
0:17:03]} Rd5 {[%clk 0:03:20]} 50. Rxa6 {[%clk 0:17:09]} Kf5 {[%clk 0:02:48]}
51. Bb6 {[%clk 0:10:52]} g5 {[%clk 0:02:49]} 52. Be3 {[%clk 0:10:57]} h5 {[%clk
0:02:55]} 53. Bxg5 {[%clk 0:10:04]} Bc8 {[%clk 0:01:03]} 54. Ra8 {[%clk
0:09:57]} Kxg5 {[%clk 0:00:51]} 55. Rxc8 {[%clk 0:10:20]} Rd3+ {[%clk 0:01:17]}
56. Kf2 {[%clk 0:10:15]} Rd2+ {[%clk 0:01:35]} 57. Kf3 {[%clk 0:10:34]} Rxa2
{[%clk 0:02:01]} 58. b4 {[%clk 0:09:17]} Ra3+ {[%clk 0:01:42]} 59. Ke4 {[%clk
0:08:52]} Rb3 {[%clk 0:02:01]} 60. Rg8+ {[%clk 0:09:13]} Kh4 {[%clk 0:02:17]}
1/2-1/2

[Event "DEM U16 2022"]
[Site "Willingen GER"]
[Date "2022.06.09"]
[Round "7"]
[White "Hommer, Jeremy"]
[Black "Stork, Christopher"]
[Result "1/2-1/2"]
[Termination "normal"]
[Board "5"]
[WhiteElo "2123"]
[BlackElo "1994"]
[WhiteClock "00:05:23"]
[BlackClock "00:05:14"]
[PlyCount "64"]
[WhiteFideId "12992577"]
[BlackFideId "16215400"]
[EventCountry "GER"]
[EventRounds "9"]
[EventType "swiss"]
[EventDate "2022.06.04"]

1. e4 {[%clk 1:30:57]} c5 {[%clk 1:30:39]} 2. c3 {[%clk 1:31:18]} e6 {[%clk
1:29:27]} 3. Nf3 {[%clk 1:30:56]} d5 {[%clk 1:28:24]} 4. exd5 {[%clk 1:31:18]}
Qxd5 {[%clk 1:28:35]} 5. d4 {[%clk 1:31:14]} Nf6 {[%clk 1:27:47]} 6. Na3 {[%clk
1:31:39]} Nc6 {[%clk 1:27:09]} 7. Be3 {[%clk 1:28:37]} cxd4 {[%clk 1:23:05]} 8.
Nb5 {[%clk 1:28:44]} Qd8 {[%clk 1:20:57]} 9. Nbxd4 {[%clk 1:28:25]} Nd5 {[%clk
1:14:45]} 10. Bb5 {[%clk 0:55:55]} Bd7 {[%clk 1:11:05]} 11. Qe2 {[%clk
0:52:59]} Be7 {[%clk 1:06:55]} 12. O-O {[%clk 0:52:59]} O-O {[%clk 1:06:01]}
13. Bd3 {[%clk 0:52:57]} Bf6 {[%clk 0:59:57]} 14. Rad1 {[%clk 0:48:46]} Qe7
{[%clk 0:56:04]} 15. Bb1 {[%clk 0:47:51]} Rad8 {[%clk 0:50:16]} 16. Rfe1 {[%clk
0:41:33]} Rfe8 {[%clk 0:39:24]} 17. Bc1 {[%clk 0:35:52]} a6 {[%clk 0:28:36]}
18. c4 {[%clk 0:19:09]} Nc7 {[%clk 0:24:58]} 19. b3 {[%clk 0:19:24]} e5 {[%clk
0:21:55]} 20. Nxc6 {[%clk 0:17:46]} Bxc6 {[%clk 0:21:44]} 21. Be4 {[%clk
0:17:19]} Bxe4 {[%clk 0:19:11]} 22. Qxe4 {[%clk 0:16:46]} Ne6 {[%clk 0:18:21]}
23. Be3 {[%clk 0:15:24]} Nf8 {[%clk 0:13:13]} 24. h3 {[%clk 0:15:37]} Ng6
{[%clk 0:13:12]} 25. g3 {[%clk 0:13:21]} Qc7 {[%clk 0:12:28]} 26. Bc1 {[%clk
0:12:09]} Rxd1 {[%clk 0:08:12]} 27. Rxd1 {[%clk 0:12:37]} Be7 {[%clk 0:08:10]}
28. Kg2 {[%clk 0:11:30]} Bc5 {[%clk 0:07:28]} 29. Be3 {[%clk 0:10:55]} Bxe3
{[%clk 0:07:10]} 30. Qxe3 {[%clk 0:10:37]} f6 {[%clk 0:06:32]} 31. Qe4 {[%clk
0:07:27]} Ne7 {[%clk 0:05:46]} 32. Qd3 {[%clk 0:05:23]} Nc6 {[%clk 0:05:14]}
1/2-1/2

[Event "DEM U16 2022"]
[Site "Willingen GER"]
[Date "2022.06.09"]
[Round "7"]
[White "Metzdorf, Matteo"]
[Black "Bui, Bao Anh Le"]
[Result "1/2-1/2"]
[Termination "normal"]
[Board "6"]
[WhiteElo "2009"]
[BlackElo "2127"]
[WhiteClock "00:01:05"]
[BlackClock "00:00:59"]
[PlyCount "64"]
[WhiteFideId "16209869"]
[BlackFideId "12970719"]
[EventCountry "GER"]
[EventRounds "9"]
[EventType "swiss"]
[EventDate "2022.06.04"]

1. e4 {[%clk 1:30:57]} c5 {[%clk 1:30:29]} 2. Nf3 {[%clk 1:31:18]} d6 {[%clk
1:30:40]} 3. d4 {[%clk 1:31:30]} cxd4 {[%clk 1:30:52]} 4. Nxd4 {[%clk 1:31:54]}
Nf6 {[%clk 1:31:08]} 5. f3 {[%clk 1:32:16]} e5 {[%clk 1:27:45]} 6. Nb3 {[%clk
1:32:32]} Be6 {[%clk 1:26:54]} 7. c4 {[%clk 1:32:23]} Nbd7 {[%clk 1:24:35]} 8.
Be3 {[%clk 1:30:56]} a6 {[%clk 1:08:31]} 9. Nc3 {[%clk 1:21:53]} Rc8 {[%clk
1:03:50]} 10. Nd5 {[%clk 1:12:46]} Bxd5 {[%clk 1:01:50]} 11. cxd5 {[%clk
1:12:57]} Be7 {[%clk 1:01:00]} 12. Qd2 {[%clk 1:11:11]} Nh5 {[%clk 0:46:48]}
13. g3 {[%clk 0:58:00]} h6 {[%clk 0:39:50]} 14. Na5 {[%clk 0:40:07]} Rc7 {[%clk
0:35:24]} 15. Be2 {[%clk 0:33:29]} Bg5 {[%clk 0:29:33]} 16. Nc4 {[%clk
0:29:03]} Qe7 {[%clk 0:18:04]} 17. O-O {[%clk 0:27:21]} Bxe3+ {[%clk 0:12:18]}
18. Nxe3 {[%clk 0:21:15]} Qg5 {[%clk 0:10:50]} 19. Rac1 {[%clk 0:21:14]} Rxc1
{[%clk 0:09:32]} 20. Rxc1 {[%clk 0:21:36]} O-O {[%clk 0:09:33]} 21. b4 {[%clk
0:14:36]} Rb8 {[%clk 0:07:08]} 22. Kh1 {[%clk 0:12:26]} g6 {[%clk 0:06:29]} 23.
Rc7 {[%clk 0:09:08]} Qd8 {[%clk 0:06:14]} 24. Rc2 {[%clk 0:09:32]} Nhf6 {[%clk
0:02:59]} 25. Nc4 {[%clk 0:09:22]} Qf8 {[%clk 0:03:10]} 26. Na5 {[%clk
0:05:25]} Ne8 {[%clk 0:03:28]} 27. Bf1 {[%clk 0:03:36]} Kg7 {[%clk 0:01:55]}
28. Bh3 {[%clk 0:03:35]} Qe7 {[%clk 0:01:53]} 29. Qe3 {[%clk 0:03:13]} Qd8
{[%clk 0:01:51]} 30. Qc3 {[%clk 0:00:54]} Nb6 {[%clk 0:01:02]} 31. Qe3 {[%clk
0:01:08]} Nf6 {[%clk 0:00:49]} 32. Qc1 {[%clk 0:01:05]} Ne8 {[%clk 0:00:59]}
1/2-1/2

[Event "DEM U16 2022"]
[Site "Willingen GER"]
[Date "2022.06.09"]
[Round "7"]
[White "Ohler, Julius"]
[Black "Kort, Felix"]
[Result "1-0"]
[Termination "normal"]
[Board "7"]
[WhiteElo "2011"]
[BlackElo "1888"]
[WhiteClock "00:33:23"]
[BlackClock "00:01:38"]
[PlyCount "109"]
[WhiteFideId "16238982"]
[BlackFideId "16220129"]
[EventCountry "GER"]
[EventRounds "9"]
[EventType "swiss"]
[EventDate "2022.06.04"]

1. c4 {[%clk 1:30:58]} e5 {[%clk 1:30:03]} 2. g3 {[%clk 1:31:13]} Nf6 {[%clk
1:29:39]} 3. Bg2 {[%clk 1:31:23]} d5 {[%clk 1:29:47]} 4. cxd5 {[%clk 1:31:44]}
Nxd5 {[%clk 1:30:11]} 5. Nc3 {[%clk 1:31:27]} Nb6 {[%clk 1:30:26]} 6. Nf3
{[%clk 1:31:26]} Nc6 {[%clk 1:30:51]} 7. O-O {[%clk 1:31:28]} Be6 {[%clk
1:16:51]} 8. d4 {[%clk 1:31:48]} exd4 {[%clk 1:17:17]} 9. Nb5 {[%clk 1:32:15]}
Qd7 {[%clk 1:17:44]} 10. Nfxd4 {[%clk 1:31:45]} Nxd4 {[%clk 1:17:46]} 11. Nxd4
{[%clk 1:32:09]} O-O-O {[%clk 1:18:09]} 12. Bg5 {[%clk 1:32:08]} f6 {[%clk
1:18:29]} 13. Bxf6 {[%clk 1:32:25]} gxf6 {[%clk 1:18:43]} 14. Nxe6 {[%clk
1:32:47]} Qxe6 {[%clk 1:19:09]} 15. Bxb7+ {[%clk 1:33:11]} Kxb7 {[%clk
1:19:35]} 16. Qxd8 {[%clk 1:33:37]} f5 {[%clk 1:18:03]} 17. Rac1 {[%clk
1:24:31]} Qe5 {[%clk 1:01:26]} 18. Qd3 {[%clk 1:19:34]} Bd6 {[%clk 0:56:53]}
19. Qf3+ {[%clk 1:13:00]} Kb8 {[%clk 0:55:40]} 20. Rc3 {[%clk 1:11:00]} h5
{[%clk 0:30:44]} 21. Rd1 {[%clk 0:54:07]} h4 {[%clk 0:28:01]} 22. e3 {[%clk
0:45:40]} Qe6 {[%clk 0:19:18]} 23. Rb3 {[%clk 0:41:13]} hxg3 {[%clk 0:12:53]}
24. hxg3 {[%clk 0:41:34]} Qh6 {[%clk 0:09:42]} 25. a4 {[%clk 0:29:10]} Qh2+
{[%clk 0:06:56]} 26. Kf1 {[%clk 0:29:25]} Qh1+ {[%clk 0:07:10]} 27. Ke2 {[%clk
0:29:40]} Qxf3+ {[%clk 0:06:44]} 28. Kxf3 {[%clk 0:30:05]} Kc8 {[%clk 0:06:42]}
29. Rb5 {[%clk 0:19:27]} Rf8 {[%clk 0:05:20]} 30. b3 {[%clk 0:18:08]} Rf6
{[%clk 0:05:06]} 31. Rh1 {[%clk 0:15:13]} c6 {[%clk 0:02:28]} 32. Ra5 {[%clk
0:15:31]} Kb7 {[%clk 0:02:42]} 33. Rh7+ {[%clk 0:15:35]} Bc7 {[%clk 0:03:07]}
34. Rc5 {[%clk 0:13:59]} Nd5 {[%clk 0:03:09]} 35. Rc4 {[%clk 0:13:38]} a5
{[%clk 0:02:42]} 36. Kg2 {[%clk 0:10:21]} Kb6 {[%clk 0:01:20]} 37. e4 {[%clk
0:10:19]} fxe4 {[%clk 0:01:35]} 38. Rxe4 {[%clk 0:10:36]} Kc5 {[%clk 0:01:49]}
39. f4 {[%clk 0:10:05]} Bxf4 {[%clk 0:00:35]} 40. gxf4 {[%clk 0:10:22]} Rxf4
{[%clk 0:00:49]} 41. Rxf4 {[%clk 0:10:29]} Nxf4+ {[%clk 0:27:09]} 42. Kf3
{[%clk 0:40:02]} Ne6 {[%clk 0:16:27]} 43. Rb7 {[%clk 0:39:18]} Kd4 {[%clk
0:10:31]} 44. b4 {[%clk 0:36:48]} axb4 {[%clk 0:10:35]} 45. a5 {[%clk 0:34:50]}
Nc5 {[%clk 0:05:59]} 46. Rxb4+ {[%clk 0:35:12]} Kd5 {[%clk 0:06:25]} 47. Ke3
{[%clk 0:33:48]} Kd6 {[%clk 0:01:43]} 48. Kd4 {[%clk 0:32:41]} Ne6+ {[%clk
0:02:01]} 49. Kc4 {[%clk 0:33:05]} Nc7 {[%clk 0:01:20]} 50. Rb7 {[%clk
0:32:27]} Kd7 {[%clk 0:00:46]} 51. Kc5 {[%clk 0:32:21]} Kc8 {[%clk 0:01:11]}
52. Kxc6 {[%clk 0:32:37]} Ne6 {[%clk 0:01:21]} 53. Rh7 {[%clk 0:33:00]} Kb8
{[%clk 0:01:18]} 54. Kb6 {[%clk 0:33:23]} Nc5 {[%clk 0:01:38]} 55. Rh8# 1-0

[Event "DEM U16 2022"]
[Site "Willingen GER"]
[Date "2022.06.09"]
[Round "7"]
[White "Neuber, Pascal"]
[Black "Albert, Markus"]
[Result "0-1"]
[Termination "normal"]
[Board "9"]
[WhiteElo "1802"]
[BlackElo "2053"]
[WhiteClock "00:09:31"]
[BlackClock "00:28:21"]
[PlyCount "52"]
[WhiteFideId "16227611"]
[BlackFideId "16292626"]
[EventCountry "GER"]
[EventRounds "9"]
[EventType "swiss"]
[EventDate "2022.06.04"]

1. e4 {[%clk 1:30:58]} e5 {[%clk 1:30:52]} 2. c4 {[%clk 1:31:18]} Bc5 {[%clk
1:30:59]} 3. Nc3 {[%clk 1:31:38]} Nf6 {[%clk 1:31:06]} 4. g3 {[%clk 1:31:55]}
a6 {[%clk 1:30:06]} 5. Bg2 {[%clk 1:32:07]} d6 {[%clk 1:30:18]} 6. Nge2 {[%clk
1:32:31]} Be6 {[%clk 1:25:41]} 7. d3 {[%clk 1:32:55]} c6 {[%clk 1:24:06]} 8.
O-O {[%clk 1:30:01]} h5 {[%clk 1:24:00]} 9. Bg5 {[%clk 1:29:51]} Qd7 {[%clk
1:21:59]} 10. Qd2 {[%clk 1:26:43]} Ng4 {[%clk 1:18:14]} 11. Be3 {[%clk
1:16:02]} Nxe3 {[%clk 1:10:39]} 12. fxe3 {[%clk 1:16:29]} h4 {[%clk 1:10:23]}
13. d4 {[%clk 1:16:33]} Ba7 {[%clk 1:10:28]} 14. b3 {[%clk 1:14:49]} Qe7 {[%clk
1:08:03]} 15. Qe1 {[%clk 1:08:31]} Nd7 {[%clk 0:56:43]} 16. h3 {[%clk 1:06:32]}
Qg5 {[%clk 0:55:47]} 17. Rf3 {[%clk 1:00:26]} Nf6 {[%clk 0:53:21]} 18. gxh4
{[%clk 0:55:59]} Rxh4 {[%clk 0:48:39]} 19. Qg3 {[%clk 0:55:52]} Qh6 {[%clk
0:47:56]} 20. dxe5 {[%clk 0:41:23]} dxe5 {[%clk 0:47:14]} 21. Rd1 {[%clk
0:39:45]} Nxe4 {[%clk 0:39:07]} 22. Nxe4 {[%clk 0:24:16]} Rxe4 {[%clk 0:39:29]}
23. Rd3 {[%clk 0:15:07]} Rd8 {[%clk 0:38:31]} 24. Rc3 {[%clk 0:13:56]} Rd2
{[%clk 0:31:50]} 25. Nc1 {[%clk 0:12:46]} Rf4 {[%clk 0:28:44]} 26. Kh2 {[%clk
0:09:31]} Rg4 {[%clk 0:28:21]} 0-1

[Event "DEM U16 2022"]
[Site "Willingen GER"]
[Date "2022.06.09"]
[Round "7"]
[White "Lerchl, Clemens"]
[Black "Heinrich, John"]
[Result "0-1"]
[Termination "normal"]
[Board "10"]
[WhiteElo "1843"]
[BlackElo "2011"]
[WhiteClock "00:36:08"]
[BlackClock "00:32:57"]
[PlyCount "52"]
[WhiteFideId "16226372"]
[BlackFideId "16259491"]
[EventCountry "GER"]
[EventRounds "9"]
[EventType "swiss"]
[EventDate "2022.06.04"]

1. e4 {[%clk 1:30:57]} c5 {[%clk 1:30:56]} 2. Nf3 {[%clk 1:31:24]} e6 {[%clk
1:31:23]} 3. d4 {[%clk 1:31:50]} cxd4 {[%clk 1:31:50]} 4. Nxd4 {[%clk 1:32:17]}
Nc6 {[%clk 1:32:14]} 5. Nb5 {[%clk 1:32:44]} d6 {[%clk 1:29:15]} 6. c4 {[%clk
1:33:09]} a6 {[%clk 1:26:28]} 7. N5a3 {[%clk 1:32:18]} Be7 {[%clk 1:23:06]} 8.
Be2 {[%clk 1:32:12]} Bf6 {[%clk 1:21:26]} 9. Qd3 {[%clk 1:24:32]} Nge7 {[%clk
1:16:33]} 10. Nc3 {[%clk 1:24:48]} O-O {[%clk 1:12:14]} 11. f4 {[%clk 1:15:47]}
Qb6 {[%clk 1:02:25]} 12. Nc2 Nd4 {[%clk 0:59:00]} 13. Nxd4 {[%clk 1:10:43]}
Bxd4 {[%clk 0:58:58]} 14. Bd2 {[%clk 1:06:23]} Rd8 {[%clk 0:53:11]} 15. Na4
{[%clk 1:04:36]} Qa7 {[%clk 0:53:33]} 16. Ba5 {[%clk 1:02:56]} Rd7 {[%clk
0:46:29]} 17. Qb3 {[%clk 0:55:28]} b5 {[%clk 0:42:38]} 18. Nc3 {[%clk 0:53:21]}
Nc6 {[%clk 0:39:02]} 19. Bb4 {[%clk 0:53:30]} bxc4 {[%clk 0:37:23]} 20. Qxc4
{[%clk 0:44:49]} Nxb4 {[%clk 0:34:04]} 21. Qxb4 {[%clk 0:43:32]} Rb8 {[%clk
0:33:58]} 22. Qc4 {[%clk 0:43:29]} Rc7 {[%clk 0:34:08]} 23. Qa4 {[%clk
0:43:54]} Bd7 {[%clk 0:32:50]} 24. Qxa6 {[%clk 0:38:43]} Rxb2 {[%clk 0:32:32]}
25. Nd1 {[%clk 0:36:08]} Rxe2+ {[%clk 0:32:36]} 26. Qxe2 Bxa1 {[%clk 0:32:57]}
0-1